[Event "Moscow Open F Women"]
[Site "Moscow RUS"]
[Date "2011.02.03"]
[Round "6.4"]
[White "Bodnaruk, Anastasia"]
[Black "Baraeva, Marina"]
[Result "1-0"]
[WhiteTitle "IM"]
[BlackTitle "WFM"]
[WhiteElo "2425"]
[BlackElo "2152"]
[WhiteFideId "4181751"]
[BlackFideId "24142573"]
[EventDate "2011.01.29"]

1. e4 e6 2. d4 d5 3. Nc3 Nf6 4. Bg5 Be7 5. e5 Nfd7 6. Bxe7 Qxe7 7. f4 a6 8. Nf3
c5 9. dxc5 Nxc5 10. Be2 Nc6 11. O-O O-O 12. Kh1 b5 13. a3 Bb7 14. Bd3 Nxd3 15.
Qxd3 b4 16. axb4 Nxb4 17. Qd2 Rac8 18. Nd4 Rc7 19. f5 exf5 20. Nxf5 Qe6 21. Qg5
f6 22. exf6 Rxf6 23. Rae1 Qd7 24. Qg4 Bc6 25. Qxb4 Rxf5 26. Rxf5 Qxf5 27. Nxd5
Qxd5 28. Qb8+ Kf7 29. Qxc7+ Kg6 30. Qg3+ Kh6 31. Qh4+ Kg6 32. Qg4+ Kf7 33. Rf1+
Ke8 34. Qe2+ 1-0

[Event "Moscow Open F Women"]
[Site "Moscow RUS"]
[Date "2011.02.03"]
[Round "6.5"]
[White "Berdychevaskaya, Natasha"]
[Black "Nebolsina, Vera"]
[Result "1/2-1/2"]
[WhiteTitle "WFM"]
[BlackTitle "WGM"]
[WhiteElo "2193"]
[BlackElo "2388"]
[WhiteFideId "4159322"]
[BlackFideId "4163591"]
[EventDate "2011.01.29"]

1. e4 e5 2. Nf3 Nf6 3. Nxe5 d6 4. Nf3 Nxe4 5. Nc3 Nxc3 6. dxc3 Be7 7. Be3 Nc6 8.
Qd2 Be6 9. Bd3 Qd7 10. O-O-O O-O-O 11. Kb1 Ne5 12. Nd4 Nxd3 13. Qxd3 Bg4 14.
Rde1 c5 15. Ne2 Bf5 16. Qd2 Rhe8 17. f3 h6 18. Nf4 d5 19. Rd1 Bg5 20. Rhe1 Bxf4
21. Bxf4 Re6 1/2-1/2

[Event "Moscow Open F Women"]
[Site "Moscow RUS"]
[Date "2011.02.03"]
[Round "6.6"]
[White "Zizlova, Sofia"]
[Black "Severiukhina, Zoja"]
[Result "0-1"]
[BlackTitle "WIM"]
[WhiteElo "2085"]
[BlackElo "2312"]
[WhiteFideId "4123476"]
[BlackFideId "24108065"]
[EventDate "2011.01.29"]

1. e4 d6 2. Nf3 Nf6 3. Nc3 g6 4. d4 c6 5. a4 a5 6. Be2 Bg7 7. O-O O-O 8. h3 Na6
9. Be3 Qc7 10. Qd2 Re8 11. Rfd1 Nb4 12. Nh2 e5 13. dxe5 dxe5 14. Bc4 Be6 15.
Bxe6 Rxe6 16. Ng4 h5 17. Nxf6+ Bxf6 18. Qe2 Rd8 19. Rxd8+ Qxd8 20. Bc5 Na6 21.
Rd1 Qc7 22. Qe3 Nxc5 23. Qxc5 Be7 24. Qc4 Qb6 25. Qb3 Qxb3 26. cxb3 Bc5 27. Rd7
Rf6 28. Nd1 b6 29. Kf1 Kf8 30. Ke2 Ke8 31. Rd2 Bd4 32. Ne3 Kd7 33. f3 Kc7 34. g4
hxg4 35. hxg4 Rd6 36. g5 Bxe3 37. Kxe3 Rxd2 38. Kxd2 Kd6 39. Ke3 Kc5 40. f4 Kb4
41. fxe5 c5 42. Kf4 Kxb3 43. e6 fxe6 44. Ke5 Kxb2 45. Kxe6 c4 46. Kf7 c3 47. e5
c2 48. e6 c1=Q 49. e7 Qc4+ 50. Kf8 Qxa4 0-1

[Event "Moscow Open F Women"]
[Site "Moscow RUS"]
[Date "2011.02.03"]
[Round "6.7"]
[White "Bezgodova, Maria"]
[Black "Nemcova, Katerina"]
[Result "0-1"]
[WhiteTitle "WFM"]
[BlackTitle "WGM"]
[WhiteElo "2190"]
[BlackElo "2289"]
[WhiteFideId "24111260"]
[BlackFideId "322750"]
[EventDate "2011.01.29"]

1. e4 d5 2. exd5 Nf6 3. d4 Nxd5 4. c4 Nb6 5. Nf3 Bg4 6. c5 N6d7 7. Bc4 e6 8. O-O
Be7 9. Nc3 O-O 10. Re1 Nc6 11. Be3 Nf6 12. Kh1 Bxf3 13. gxf3 Qd7 14. Qd2 Rfd8
15. Rad1 Qe8 16. Qe2 Nb4 17. Rg1 g6 18. Bf4 Rd7 19. Ne4 Rad8 20. Ng5 Nbd5 21.
Bc1 Nh5 22. Qe4 Qf8 23. Rde1 Bf6 24. a3 Kh8 25. Be3 Qe7 26. Nh3 c6 27. f4 h6 28.
Qf3 Qf8 29. Rd1 Ne7 30. Qe4 Nf5 31. Rd3 Bxd4 32. Bxd4+ Rxd4 33. Rxd4 Rxd4 34.
Qe5+ Nhg7 35. b3 Qd8 36. Re1 Kh7 37. Ng1 Nh5 38. Ne2 Rd1 39. Nc3 Rxe1+ 40. Qxe1
Nxf4 41. Ne4 Qd4 42. a4 Ne3 43. Nf6+ Qxf6 44. fxe3 Qe5 45. Bf1 Qe4+ 46. Kg1 Nd5
47. Kf2 Qh4+ 0-1

[Event "Moscow Open F Women"]
[Site "Moscow RUS"]
[Date "2011.02.03"]
[Round "6.8"]
[White "Stepovaia, Tatiana"]
[Black "Kineva, Ekaterina"]
[Result "1-0"]
[WhiteTitle "WGM"]
[BlackTitle "WFM"]
[WhiteElo "2389"]
[BlackElo "2120"]
[WhiteFideId "4106970"]
[BlackFideId "4152662"]
[EventDate "2011.01.29"]

1. e4 c5 2. Nf3 d6 3. d4 cxd4 4. Qxd4 Nc6 5. Bb5 Bd7 6. Bxc6 Bxc6 7. c4 Nf6 8.
Nc3 g6 9. O-O Bg7 10. Qd3 O-O 11. Rb1 b6 12. b3 Qd7 13. h3 Nh5 14. Nd4 Bb7 15.
Rd1 Rad8 16. Bb2 f5 17. Nde2 fxe4 18. Nxe4 Qf5 19. f3 Bxb2 20. Rxb2 Qe5 21. Qd4
Bxe4 22. fxe4 Nf4 23. Nxf4 Qxd4+ 24. Rxd4 Rxf4 25. Re2 Rdf8 26. Rdd2 R8f6 27. e5
Rf1+ 28. Kh2 dxe5 29. Rxe5 R1f2 30. Rd8+ Rf8 31. Rd7 Rxa2 32. Rexe7 Rff2 33.
Re8+ Rf8 34. Rxf8+ Kxf8 35. Rxh7 Ra3 36. Rd7 a5 37. Rd6 Rxb3 38. Rxg6 a4 39. Rc6
Ke7 40. h4 Rb4 41. h5 a3 42. Rc7+ Ke6 43. Ra7 Rxc4 44. Kg3 b5 45. Rxa3 b4 46.
Ra5 Rc8 47. Rb5 Rg8+ 48. Kh3 Kf6 49. g4 Rc8 50. Rxb4 1-0

[Event "Moscow Open F Women"]
[Site "Moscow RUS"]
[Date "2011.02.03"]
[Round "6.9"]
[White "Kovanova, Baira"]
[Black "Gvanceladze, Anna"]
[Result "1-0"]
[WhiteTitle "WGM"]
[BlackTitle "WFM"]
[WhiteElo "2391"]
[BlackElo "2163"]
[WhiteFideId "4164083"]
[BlackFideId "4113721"]
[EventDate "2011.01.29"]

1. e4 c6 2. d4 d5 3. f3 e6 4. Nc3 g6 5. Be3 Bg7 6. e5 a6 7. f4 Ne7 8. Nf3 Nd7 9.
Be2 b6 10. a4 c5 11. a5 Nf5 12. Bf2 cxd4 13. Nxd4 Nxd4 14. Qxd4 b5 15. O-O O-O
16. b4 f6 17. Bg4 Nb8 18. exf6 Bxf6 19. Qd2 Nc6 20. Rab1 Qc7 21. Bb6 Qg7 22. Ne2
Ne7 23. Nd4 Nf5 24. Bxf5 gxf5 25. Rb3 Kh8 26. Rg3 Qf7 27. Re1 Rb8 28. Bc5 Rg8
29. Rge3 Rg4 30. g3 Bd7 31. Nxe6 d4 32. Bxd4 Bxe6 33. Rxe6 Bg7 34. Rxa6 Qc4 35.
Bxg7+ Rxg7 36. Rd6 h5 37. Rh6+ Kg8 38. Rxh5 1-0

[Event "Moscow Open F Women"]
[Site "Moscow RUS"]
[Date "2011.02.03"]
[Round "6.11"]
[White "Drozdova, Dina"]
[Black "Bivol, Alina"]
[Result "1-0"]
[BlackTitle "WFM"]
[WhiteElo "2203"]
[BlackElo "2114"]
[WhiteFideId "4170695"]
[BlackFideId "4100123"]
[EventDate "2011.01.29"]

1. d4 e6 2. c4 d5 3. Nc3 c6 4. cxd5 exd5 5. Bf4 Bd6 6. Bg3 Bf5 7. e3 Nf6 8. Nf3
Bb4 9. Nh4 Bg4 10. f3 Bd7 11. Bd3 O-O 12. O-O g6 13. Bf2 Re8 14. Qb3 Bxc3 15.
bxc3 b6 16. Rae1 c5 17. Qb2 Nh5 18. g4 Ng7 19. h3 Ne6 20. Ng2 Qc7 21. Bh4 g5 22.
Bf2 Ng7 23. e4 Bc6 24. e5 c4 25. Bb1 Kf8 26. f4 Ke7 27. f5 Kd8 28. Qd2 h6 29. h4
Kc8 30. hxg5 hxg5 31. Qxg5 Rg8 32. f6 Qd8 33. Bh7 1-0

[Event "Moscow Open F Women"]
[Site "Moscow RUS"]
[Date "2011.02.03"]
[Round "6.12"]
[White "Gorozhankina, Julia"]
[Black "Suslova, Alena"]
[Result "0-1"]
[WhiteTitle "WFM"]
[BlackTitle "WFM"]
[WhiteElo "2088"]
[BlackElo "2180"]
[WhiteFideId "4199650"]
[BlackFideId "24111643"]
[EventDate "2011.01.29"]

1. d4 Nf6 2. Nf3 g6 3. c4 Bg7 4. g3 O-O 5. Bg2 d6 6. O-O Nc6 7. Nc3 a6 8. d5 Na5
9. Nd2 c5 10. Qc2 Rb8 11. Rb1 b5 12. cxb5 axb5 13. b4 cxb4 14. Rxb4 Bd7 15. Qd3
Qe8 16. Bb2 Nb7 17. Nce4 Nc5 18. Nxf6+ Bxf6 19. Qf3 Bxb2 20. Rxb2 Ra8 21. Rc1
Qd8 22. Qe3 Ra4 23. Nb3 Ra3 24. Qd4 Nxb3 25. axb3 Qa5 26. b4 Qa7 27. Qd2 Ra8 28.
h4 Rxg3 29. e3 Rg4 30. f3 Rxh4 31. Rbc2 Rc4 32. Rxc4 bxc4 33. Rxc4 Bb5 34. Rc1
Qb6 35. Kh2 Be8 36. Rc4 Bb5 37. Rc2 Bd7 38. e4 Rb8 39. Rc4 Bb5 40. Rc2 Ba4 41.
Rc4 Bb3 42. Rc6 Qxb4 43. Qc1 Qd4 44. Rc7 Qe5+ 45. Kg1 Ra8 46. Rc8+ Rxc8 47.
Qxc8+ Kg7 48. Qb7 Bc2 49. Qb6 f5 50. Qf2 Bb3 51. Qe3 Bxd5 52. f4 Qa1+ 53. Kh2
Bxe4 54. Bxe4 fxe4 55. Qxe4 Qf6 56. Kg2 e5 57. fxe5 dxe5 58. Qb7+ Kh6 59. Qd5
Qg5+ 60. Kf2 Qf4+ 61. Ke2 e4 0-1

[Event "Moscow Open F Women"]
[Site "Moscow RUS"]
[Date "2011.02.03"]
[Round "6.13"]
[White "Romanko, Marina"]
[Black "Khropova, Larisa"]
[Result "1-0"]
[WhiteTitle "IM"]
[BlackTitle "WFM"]
[WhiteElo "2404"]
[BlackElo "2087"]
[WhiteFideId "4149351"]
[BlackFideId "4120841"]
[EventDate "2011.01.29"]

1. d4 Nf6 2. c4 e6 3. Nc3 Bb4 4. Qc2 O-O 5. a3 Bxc3+ 6. Qxc3 b6 7. e3 Bb7 8. f3
d6 9. b4 c5 10. dxc5 dxc5 11. b5 Nbd7 12. Nh3 Qe7 13. Bb2 Rfd8 14. Bd3 Ne8 15.
O-O f6 16. Qc2 Nf8 17. Nf4 Rd7 18. Rfd1 Rad8 19. a4 Rd6 20. Bc3 Nc7 21. Nh3 e5
22. Nf2 Nce6 23. a5 Ng5 24. a6 Bc8 25. h4 Nf7 26. Ne4 R6d7 27. Be1 Nd6 28. Nc3
Qf7 29. Nd5 g6 30. Qb2 Ne8 31. f4 exf4 32. exf4 Rd6 33. Bc3 Bg4 34. Be2 Bxe2 35.
Qxe2 Re6 36. Qf3 Rdd6 37. f5 gxf5 38. Qxf5 Ng6 39. h5 Ne7 40. Qg4+ Qg7 41. Qf3
Kf7 42. Nf4 Rxd1+ 43. Rxd1 Rd6 44. Re1 Rd7 45. Qh3 Rd6 46. Qe3 Kf8 47. Ne6+ Rxe6
48. Qxe6 Qf7 49. Qd7 Ng8 50. Qd8 Ne7 51. Bxf6 Nf5 52. Rf1 Qxh5 53. Rxf5 1-0

[Event "Moscow Open F Women"]
[Site "Moscow RUS"]
[Date "2011.02.03"]
[Round "6.14"]
[White "Kostrikina, Anna"]
[Black "Pustovoitova, Daria"]
[Result "0-1"]
[WhiteTitle "WFM"]
[BlackTitle "FM"]
[WhiteElo "2079"]
[BlackElo "2331"]
[WhiteFideId "4176219"]
[BlackFideId "4182146"]
[EventDate "2011.01.29"]

1. e4 c6 2. d4 d5 3. exd5 cxd5 4. Bd3 Nc6 5. c3 Qc7 6. Nf3 Bg4 7. O-O e6 8. Nbd2
Bd6 9. g3 Nge7 10. Re1 f6 11. Be2 O-O-O 12. Nf1 Bh5 13. Ne3 h6 14. Qa4 Be8 15.
Qb3 Kb8 16. Bd2 Na5 17. Qc2 e5 18. c4 Nxc4 19. Nxc4 dxc4 20. dxe5 fxe5 21. Qxc4
Bc6 22. Be3 Rhf8 23. Nd2 Nf5 24. Bf1 Nxe3 25. fxe3 Qb6 26. Qb3 Bb4 27. Nc4 Bxe1
28. Rxe1 Qxb3 29. axb3 Bb5 30. Bg2 Bxc4 31. bxc4 Rd2 32. b4 Rc8 33. Bd5 b5 34.
Be6 Re8 35. Bd5 Rc8 36. Be6 Rc6 37. Bd5 Rc7 38. Rf1 bxc4 39. Rf8+ Rc8 40. Rxc8+
Kxc8 41. Bxc4 Kc7 42. h4 Kb6 43. b5 Rb2 44. Kf1 Rxb5 45. Bxb5 Kxb5 46. Ke2 e4 0-1

[Event "Moscow Open F Women"]
[Site "Moscow RUS"]
[Date "2011.02.03"]
[Round "6.15"]
[White "Ainutdinova, Yekaterina"]
[Black "Levushkina, Elena"]
[Result "1-0"]
[BlackTitle "WGM"]
[WhiteElo "2073"]
[BlackElo "2318"]
[WhiteFideId "13705563"]
[BlackFideId "14200686"]
[EventDate "2011.01.29"]

1. e4 e5 2. Nf3 Nc6 3. Bb5 Nge7 4. c3 a6 5. Ba4 g6 6. d4 exd4 7. cxd4 b5 8. Bb3
Bg7 9. O-O O-O 10. Nc3 d6 11. Bg5 h6 12. Be3 Bg4 13. Qd2 Bxf3 14. gxf3 Kh7 15.
Kh1 Qd7 16. Rg1 Na5 17. Rg3 Nxb3 18. axb3 c6 19. Ne2 Ng8 20. Rag1 a5 21. f4 Nf6
22. f3 Nh5 23. Rg4 Rg8 24. f5 Bf8 25. Nf4 Nxf4 26. Bxf4 h5 27. R4g3 Be7 28. Qg2
Qe8 29. Qh3 Bf8 30. Qh4 Bh6 31. Bxh6 Kxh6 32. Qg5+ Kh7 33. Qh4 a4 34. Rg5 Qf8
35. f6 Qh6 36. f4 axb3 37. f5 Raf8 38. e5 dxe5 39. dxe5 Rd8 40. e6 Kh8 41. exf7 1-0

[Event "Moscow Open F Women"]
[Site "Moscow RUS"]
[Date "2011.02.03"]
[Round "6.16"]
[White "Nakhbayeva, Guliskhan"]
[Black "Sviridova, Vlada"]
[Result "1-0"]
[WhiteTitle "WIM"]
[WhiteElo "2209"]
[BlackElo "2052"]
[WhiteFideId "13704788"]
[BlackFideId "24109606"]
[EventDate "2011.01.29"]

1. d4 d5 2. c4 c6 3. Nf3 Nf6 4. e3 e6 5. Bd3 dxc4 6. Bxc4 b5 7. Bd3 Bb7 8. O-O
Nbd7 9. a4 b4 10. e4 c5 11. Nbd2 cxd4 12. e5 Ng4 13. Qe2 a6 14. h3 Nh6 15. Nc4
Nc5 16. Bg5 Bxf3 17. Qxf3 Qd5 18. Be2 Rb8 19. Qf4 Qe4 20. Bf3 Qxf4 21. Bc6+ Nd7
22. Bxf4 Bc5 23. a5 Nf5 24. Rac1 Ne7 25. Ba4 Nd5 26. Bg3 Ke7 27. Nd6 f6 28. Ne4
Ba7 29. exf6+ N7xf6 30. Bd6+ Kf7 31. Ng5+ Kg6 32. Bxb8 Bxb8 33. Nxe6 Nf4 34.
Nxf4+ Bxf4 35. Rc4 Rd8 36. Rd1 Be5 37. Rxb4 d3 38. Rxd3 Rc8 39. g3 Rc1+ 40. Kg2
Bc7 41. Rc3 Bxa5 42. Rxc1 Bxb4 43. Rc7 h5 44. Bc2+ Kh6 45. f4 a5 46. Rc6 Be7 47.
Ra6 g5 48. fxg5+ Kxg5 49. Rxa5+ Kh6 50. Ra7 Bc5 51. Rf7 Bd4 52. b3 Nd5 53. Be4
Nf6 54. Bd5 h4 55. gxh4 Kh5 56. Rc7 Bb2 57. b4 Kxh4 58. b5 Ba3 59. b6 Nxd5 60.
Rh7+ Kg5 61. b7 Bd6 62. Kf3 Nb4 63. h4+ Kf6 64. Rh6+ 1-0

[Event "Moscow Open F Women"]
[Site "Moscow RUS"]
[Date "2011.02.03"]
[Round "6.17"]
[White "Maslova, Elena"]
[Black "Shaydullina, Sandugach"]
[Result "0-1"]
[BlackTitle "WGM"]
[WhiteElo "2065"]
[BlackElo "2207"]
[WhiteFideId "24102385"]
[BlackFideId "4140389"]
[EventDate "2011.01.29"]

1. e4 c5 2. Nf3 Nc6 3. d4 cxd4 4. Nxd4 Nf6 5. Nc3 d6 6. Be3 Ng4 7. Qd2 Nxe3 8.
fxe3 e6 9. Bc4 Be7 10. O-O-O a6 11. Qf2 Ne5 12. Bb3 O-O 13. h3 b5 14. a3 Rb8 15.
Nf3 Bf6 16. Ne2 Qb6 17. g4 Nxf3 18. Qxf3 a5 19. h4 a4 20. g5 Be5 21. Ba2 b4 22.
Rd3 Ba6 23. Rhd1 Bxd3 24. Rxd3 bxa3 25. b3 Rfc8 26. Nd4 Qb4 27. Kd1 Rc3 28. Qe2
Rxd3+ 29. Qxd3 axb3 30. Nxb3 Bg3 31. c3 Qa4 32. Kc2 Bxh4 33. Qxd6 Qxe4+ 34. Kd1
Qf3+ 35. Kc2 Qe2+ 36. Kc1 Qxe3+ 37. Nd2 Qe1+ 38. Kc2 Rb2+ 39. Kd3 Qxd2+ 0-1

[Event "Moscow Open F Women"]
[Site "Moscow RUS"]
[Date "2011.02.03"]
[Round "6.18"]
[White "Frolova, Ekaterina"]
[Black "Baraeva, Irina"]
[Result "0-1"]
[BlackTitle "WFM"]
[WhiteElo "2067"]
[BlackElo "2201"]
[WhiteFideId "4159420"]
[BlackFideId "24142565"]
[EventDate "2011.01.29"]

1. e4 c5 2. Nf3 a6 3. c4 d6 4. d4 cxd4 5. Nxd4 Nf6 6. Nc3 g6 7. Be2 Bg7 8. Be3
O-O 9. O-O Nbd7 10. Qd2 b6 11. f3 Bb7 12. Rab1 Rc8 13. b3 Qc7 14. Rfc1 e6 15.
Bf1 Rfd8 16. Qf2 Qb8 17. h3 Nc5 18. b4 Ncd7 19. Nb3 Bc6 20. a4 Ba8 21. c5 Bb7
22. Nd1 dxc5 23. bxc5 bxc5 24. Na5 Rc7 25. Rxb7 Rxb7 26. Nc6 Qc7 27. Nxd8 Qxd8
28. Bxa6 Rc7 29. Nb2 Qb8 30. Bb5 Bf8 31. Nc4 Rc8 32. Ba6 Rd8 33. Bb5 Ne5 34.
Nxe5 Qxe5 35. Bxc5 Rd1+ 36. Rxd1 Bxc5 37. Qxc5 Qxc5+ 38. Kh2 Kg7 39. Re1 Nh5 40.
e5 Qf2 0-1

[Event "Moscow Open F Women"]
[Site "Moscow RUS"]
[Date "2011.02.03"]
[Round "6.19"]
[White "Petrukhina, Irina"]
[Black "Pershina, Elena"]
[Result "1-0"]
[WhiteTitle "WFM"]
[WhiteElo "2190"]
[BlackElo "2053"]
[WhiteFideId "4132432"]
[BlackFideId "24147516"]
[EventDate "2011.01.29"]

1. d4 Nf6 2. c4 c5 3. d5 e5 4. Nc3 d6 5. e4 Nbd7 6. Nf3 a6 7. a4 Be7 8. g3 O-O
9. Bg2 Ne8 10. O-O g6 11. Bh6 Ng7 12. Qd2 f5 13. exf5 gxf5 14. Ng5 Bxg5 15. Bxg5
Qe8 16. Rae1 Nf6 17. f4 e4 18. Bxf6 Rxf6 19. g4 Rg6 20. gxf5 Bxf5 21. Kh1 Qd7
22. Bxe4 Bxe4+ 23. Nxe4 Rf8 24. b3 Qh3 25. Qe2 Nh5 26. f5 Rxf5 27. Rxf5 Qxf5 28.
Nxd6 Ng3+ 29. hxg3 Qh3+ 30. Qh2 Qxh2+ 31. Kxh2 Rxd6 32. Re7 Rb6 33. Re3 Kf7 34.
Kh3 Rg6 35. g4 Rb6 36. Kg3 Rg6 37. Kf4 h6 38. Rg3 Ke7 39. Re3+ Kd7 40. Kf5 Rg5+
41. Kf4 Rg6 42. Rg3 Rg5 43. Rh3 Rg6 44. Kf5 Rg5+ 45. Kf6 Rxg4 46. Rxh6 Rg3 47.
Rh7+ Kc8 48. Ke7 Re3+ 49. Kd6 Kb8 50. Rh8+ Ka7 51. Kxc5 Rxb3 52. d6 Rd3 53. a5
Rd1 54. Rh5 Kb8 55. Rd5 Ra1 56. d7 Rxa5+ 57. Kb6 1-0

[Event "Moscow Open F Women"]
[Site "Moscow RUS"]
[Date "2011.02.03"]
[Round "6.20"]
[White "Travkina, Anastasia"]
[Black "Tereshechkina, Maya"]
[Result "1/2-1/2"]
[WhiteTitle "WFM"]
[WhiteElo "2189"]
[BlackElo "2026"]
[WhiteFideId "24129151"]
[BlackFideId "4194578"]
[EventDate "2011.01.29"]

1. e4 c5 2. c3 d5 3. exd5 Qxd5 4. d4 Nf6 5. Nf3 e6 6. Be2 Nc6 7. O-O Be7 8. c4
Qd8 9. dxc5 Bxc5 10. Nc3 O-O 11. Bg5 Be7 12. Qb3 Qc7 13. Nb5 Qb8 14. Rad1 a6 15.
Nbd4 Nxd4 16. Nxd4 e5 17. Nc2 Be6 18. Ne3 b5 19. Qc2 bxc4 20. Bxc4 Bxc4 21. Qxc4
Qxb2 22. Nf5 Qb7 23. Rb1 Qd7 24. Nxe7+ Qxe7 25. Rb6 Rfc8 26. Qh4 Qc5 27. Rb3 Rc6
28. Rh3 Qc2 29. Re3 Re8 30. Rfe1 h6 31. Bxf6 Rxf6 32. R3e2 Qc5 33. h3 Rfe6 34.
Kh1 Qd4 35. Re4 Qd5 36. a3 Rg6 37. Qh5 Rg5 38. Qd1 Qxd1 1/2-1/2

[Event "Moscow Open F Women"]
[Site "Moscow RUS"]
[Date "2011.02.03"]
[Round "6.21"]
[White "Severina, Maria"]
[Black "Butuc, Maria"]
[Result "1-0"]
[BlackTitle "WIM"]
[WhiteElo "2032"]
[BlackElo "2188"]
[WhiteFideId "4116909"]
[BlackFideId "13902911"]
[EventDate "2011.01.29"]

1. d4 d5 2. c4 c6 3. Nf3 Nf6 4. Nc3 dxc4 5. a4 Bf5 6. e3 e6 7. Bxc4 Bb4 8. O-O
Nbd7 9. h3 O-O 10. Nh4 c5 11. Nxf5 exf5 12. Na2 Rc8 13. Nxb4 cxb4 14. Bd3 g6 15.
Re1 Re8 16. f3 Nb8 17. Bb5 Re6 18. Qd3 Rd6 19. Bd2 a5 20. Rac1 Rxc1 21. Bxc1 Nc6
22. Rd1 Qe7 23. Bd2 Na7 24. Be1 Nxb5 25. axb5 Re6 26. Bf2 Qe8 27. d5 Rd6 28. Qc4
Kg7 29. Rd4 Qe5 30. e4 fxe4 31. fxe4 Rd7 32. Qd3 Qg5 33. Kh2 Nh5 34. Rc4 Qxg2+
35. Kxg2 Nf4+ 36. Kg3 Nxd3 37. Bb6 a4 38. Rd4 Nxb2 39. Rxb4 Nd3 40. Rxa4 g5 41.
Ra3 Nf4 42. Be3 Ng6 43. Bxg5 f5 44. Kf3 h6 45. Be3 Ne5+ 46. Kf4 Nc4 47. Bd4+ Kh7
48. Ra4 Nd6 49. e5 Nxb5 50. e6 Rxd5 51. e7 Nc7 52. Be5 Rd7 53. Bxc7 Rxe7 54. Be5
Kg6 55. Rb4 Rf7 56. Rb6+ Kh5 57. Bf6 Rd7 58. Kxf5 Rd3 59. Bg7 Rf3+ 60. Ke4 Rxh3
61. Kf4 1-0

[Event "Moscow Open F Women"]
[Site "Moscow RUS"]
[Date "2011.02.03"]
[Round "6.22"]
[White "Shulakova, Svetlana"]
[Black "Smirnova, Ekaterina"]
[Result "1-0"]
[WhiteTitle "WFM"]
[WhiteElo "2180"]
[BlackElo "2018"]
[WhiteFideId "4142691"]
[BlackFideId "4110943"]
[EventDate "2011.01.29"]

1. d4 Nf6 2. c4 c5 3. d5 b5 4. cxb5 a6 5. f3 axb5 6. e4 Qa5+ 7. b4 cxb4 8. Nd2
e6 9. Bb2 Bb7 10. Nb3 Qd8 11. Bxb5 exd5 12. e5 Nh5 13. Ne2 Na6 14. Bd4 Qg5 15.
O-O Nf4 16. Nxf4 Qxf4 17. Rc1 Be7 18. Qe2 O-O 19. Bxd7 Nb8 20. Bb5 Rc8 21. Rxc8+
Bxc8 22. Rc1 Be6 23. g3 Qg5 24. Rc2 h5 25. f4 Qg6 26. Bd3 Bf5 27. Rc8+ Kh7 28.
Nc1 h4 29. Bxf5 Qxf5 30. Qc2 Qxc2 31. Rxc2 hxg3 32. hxg3 Na6 33. Rc6 Kg8 34. f5
b3 35. axb3 Nb4 36. Rc3 Kf8 37. Kg2 Ke8 38. Kf3 Kd7 39. g4 Bg5 40. Be3 Bh4 41.
Nd3 Nxd3 42. Rxd3 Kc6 43. Rc3+ Kb7 44. Rc5 Rd8 45. Bd4 Bg5 46. b4 Bh6 47. Ra5
Rd7 48. b5 Bd2 49. Ra7+ Kc8 50. b6 Bb4 51. e6 fxe6 52. fxe6 Re7 53. Rxe7 Bxe7
54. Bxg7 Bc5 55. Bf6 Bxb6 56. g5 Bc5 57. g6 Bf8 58. e7 1-0

[Event "Moscow Open F Women"]
[Site "Moscow RUS"]
[Date "2011.02.03"]
[Round "6.23"]
[White "Eryshkanova, Anastasiya"]
[Black "Makarenko, Alexandra"]
[Result "1/2-1/2"]
[WhiteTitle "WFM"]
[WhiteElo "2168"]
[BlackElo "1931"]
[WhiteFideId "24119059"]
[BlackFideId "4165055"]
[EventDate "2011.01.29"]

1. e4 e5 2. Nf3 Nc6 3. d4 exd4 4. Nxd4 Qh4 5. Nb5 Qxe4+ 6. Be2 Bb4+ 7. c3 Ba5 8.
O-O Nge7 9. Nd2 Qg6 10. Nc4 a6 11. Bd3 Qf6 12. Nxa5 axb5 13. Nb3 b4 14. Nc5 d5
15. c4 dxc4 16. Bxc4 O-O 17. Ne4 Qd4 18. Qxd4 Nxd4 19. Bd2 b5 20. Bd3 Nd5 21.
Rfd1 Re8 22. Be3 Nf5 23. Bxb5 Nfxe3 24. Bxe8 Nxd1 25. Rxd1 Be6 26. Bc6 Rxa2 27.
f4 f5 28. Ng5 Rxb2 29. Nxe6 Ne3 30. Rd8+ Kf7 31. Nxc7 Rc2 32. Rd7+ Kg6 33. Ba4
Rxg2+ 34. Kh1 Ra2 35. Rd6+ Kh5 36. Bd1+ Kh4 37. Rd3 Ra1 38. Rxe3 Rxd1+ 39. Kg2
Rd2+ 40. Kg1 Kg4 41. Ne6 Rd1+ 42. Kf2 Rd2+ 43. Kg1 1/2-1/2

[Event "Moscow Open F Women"]
[Site "Moscow RUS"]
[Date "2011.02.03"]
[Round "6.24"]
[White "Schepetkova, Margarita"]
[Black "Vasenina, Anna"]
[Result "1-0"]
[BlackTitle "WFM"]
[WhiteElo "2148"]
[BlackElo "1857"]
[WhiteFideId "4189949"]
[BlackFideId "4177207"]
[EventDate "2011.01.29"]

1. e4 e5 2. Nf3 Nc6 3. d4 exd4 4. Nxd4 g6 5. Nxc6 bxc6 6. Bc4 Bg7 7. O-O Nf6 8.
e5 Nd5 9. Bxd5 cxd5 10. Qxd5 Rb8 11. Qc5 Qe7 12. Qxa7 Rb7 13. Qe3 Bxe5 14. Re1
d6 15. Bd2 Be6 16. Bc3 Bxc3 17. Nxc3 O-O 18. b3 Qf6 19. Ne4 Qe5 20. Qf3 Kg7 21.
Nxd6 Qxd6 22. Qxb7 Bd5 23. Qb5 c6 24. Qe2 Qd7 25. Rad1 Qa7 26. c4 Be6 27. h4 Qa3
28. h5 Ra8 29. Qe5+ Kg8 30. Rd6 Qxa2 31. h6 1-0

[Event "Moscow Open F Women"]
[Site "Moscow RUS"]
[Date "2011.02.03"]
[Round "6.27"]
[White "Krasenkova, Ilena"]
[Black "Egorova, Ayyyna"]
[Result "1-0"]
[WhiteTitle "WIM"]
[BlackTitle "WCM"]
[WhiteElo "2121"]
[BlackElo "1847"]
[WhiteFideId "4119037"]
[BlackFideId "24136611"]
[EventDate "2011.01.29"]

1. d4 c5 2. d5 Nf6 3. c4 b5 4. cxb5 a6 5. b6 Qxb6 6. Nc3 d6 7. Nf3 g6 8. e4 Bg7
9. Be2 O-O 10. Nd2 Nbd7 11. Nc4 Qc7 12. O-O Nb6 13. Ne3 Bd7 14. Bd2 Rfb8 15. Qc2
Bb5 16. Bxb5 axb5 17. Nxb5 Qb7 18. Nc3 Nfd7 19. b3 Ra6 20. Rab1 Rba8 21. a4 c4
22. bxc4 Bxc3 23. Qxc3 Rxa4 24. Ng4 f6 25. Nh6+ Kg7 26. Qh3 Rxc4 27. Qe6 Nc5 28.
Rxb6 Nxe6 29. Rxb7 Ng5 30. Rxe7+ Kxh6 31. h4 Raa4 32. hxg5+ fxg5 33. Re1 Ra2 34.
Re3 1-0

[Event "Moscow Open F Women"]
[Site "Moscow RUS"]
[Date "2011.02.03"]
[Round "6.28"]
[White "Kostitsina, Liubov"]
[Black "Tsepennikova, Tatyana"]
[Result "1-0"]
[BlackTitle "WFM"]
[WhiteElo "1930"]
[BlackElo "2104"]
[WhiteFideId "24117110"]
[BlackFideId "4153901"]
[EventDate "2011.01.29"]

1. e4 c6 2. d4 d5 3. Nd2 dxe4 4. Nxe4 Nd7 5. Ng5 Ngf6 6. Bd3 e6 7. N1f3 h6 8.
Nxe6 fxe6 9. Bg6+ Ke7 10. O-O Qa5 11. Re1 Qd5 12. Qe2 b5 13. b3 b4 14. a3 Kd8
15. axb4 Bxb4 16. c4 Qd6 17. Ne5 Nxe5 18. dxe5 Qc7 19. Rd1+ Nd7 20. Bd2 Bxd2 21.
Rxd2 Ke7 22. Qh5 Rd8 23. Rad1 Kf8 24. Bh7 Bb7 25. Qf3+ Ke7 26. Qg3 g5 27. f4 Nf8
28. fxg5 Qb6+ 29. Kh1 Rxd2 30. Rxd2 Qa5 31. Rd1 Rd8 32. Rf1 hxg5 33. Qxg5+ Kd7
34. b4 Qc7 35. Rf7+ Ke8 36. Rxf8+ Kxf8 37. Qg8+ Ke7 38. Qg7+ 1-0